| 000 | 00557nam a22001937a 4500 | ||
|---|---|---|---|
| 003 | 0 | ||
| 005 | 20260116154307.0 | ||
| 008 | 260116b xxu||||| |||| 00| 0 eng d | ||
| 020 | _a978-0-06-025655-5 | ||
| 050 |
_aER _bG44 1964 |
||
| 082 |
_aER _bG44 1964 |
||
| 100 | _aSilverstein, Shel | ||
| 245 |
_aA Giraffe and a half _cShel Silverstein |
||
| 260 |
_aNew York, NY : _bHarperCollins Publishers, _c1964. |
||
| 300 |
_a46 unnumbered pages : _billustrations ; _c28 cm. |
||
| 650 | _aChildren's stories. | ||
| 650 |
_aGiraffes _vFiction. |
||
| 942 |
_2ddc _cBK |
||
| 999 |
_c368733 _d368733 |
||